Diversidad lingüística, comunicación y espacio público /

El presente artículo analiza el problema de la diversidad lingüística en los medios de comunicación en la Unión Europea, tomando en cuenta las relaciones entre las lenguas, territorios e identidades, así como la selección que hacen los medios de comunicación y por lo tanto la visibilidad de algunas...

全面介绍

Guardado en:
书目详细资料
主要作者: Guyot, Jacques
格式: Texto
主题:
标签: 添加标签
没有标签, 成为第一个标记此记录!

MARC

LEADER 00000 a a2200000 04500
001 3689
003
040
100 |a Guyot, Jacques  
245 |a Diversidad lingüística, comunicación y espacio público /  |c Jacques Guyot 
500 |a Resumen también en inglés  
520 |a El presente artículo analiza el problema de la diversidad lingüística en los medios de comunicación en la Unión Europea, tomando en cuenta las relaciones entre las lenguas, territorios e identidades, así como la selección que hacen los medios de comunicación y por lo tanto la visibilidad de algunas lenguas en particular y las relaciones sociales y de poder de los grupos minoritarios dentro de las sociedades democráticas. El autor hace patente la necesidad de tomar en cuenta la reinvindicación lingüística más allá del problema meramente cultural, ya que ésta cuestiona el espacio público e implica la redefinición de ciudadanía  
650 |a INVESTIGACION SOBRE LA COMUNICACION  
650 |a IDENTIDAD CULTURAL  
650 |a MINORIAS LINGÜISTICAS  
650 |a MEDIOS DE COMUNICACION  
650 |a CIUDADANIA (NACIONALIDAD)  
650 |a UNION EUROPEA  
773 |g número 5; páginas 115-136  
999 |c 31948  |d 31948